000 00513nam a2200169Ia 4500
003 GCL
008 140319s9999 xx 000 0 ara d
040 _aGCL /
_cGCL
082 0 4 _a133.5
_bى ت
100 1 _aيحيى شامى
245 1 0 _aتاريخ التنجيم عند العرب وأثرة فى المجتمعات العربية والاسلامية /
_cيحيى شامى
490 _a
650 0 4 _aالنجوم
650 0 4 _aالتنجيم
650 0 4 _aالتنجيم - تاريخ
942 _2ddc
_cBK
999 _c38935
_d38935